[Event "ROM-ch U14 Girls"]
[Site "Calimanesti Caciulata"]
[Date "2019.04.22"]
[Round "9"]
[White "Spiridon, Anisia"]
[Black "Enachi, Alisa Francesca"]
[Result "1-0"]
[WhiteElo "1582"]
[BlackElo "1317"]
[PlyCount "55"]
[EventDate "2019.04.15"]
[EventType "swiss"]
[EventRounds "9"]
[EventCountry "ROU"]
[SourceTitle "CBM 190 Extra"]
[Source "ChessBase"]
[SourceDate "2019.07.15"]
[SourceVersion "1"]
[SourceVersionDate "2019.07.15"]
[SourceQuality "1"]

1. d4 f5 2. g3 Nf6 3. Bg2 e6 4. Nh3 Be7 5. 0-0 d5 6. c3 Ne4 7. Nd2 Nd7 8. Nxe4 fxe4 9. f3 exf3 10. exf3 e5 11. Re1 exd4 12. Qxd4 Nf6 13. Qe5 Kf8 14. Bg5 Qd6 15. Bxf6 Qxf6 16. Qxd5 c6 17. Qe4 Bf5 18. Qe5 Qxe5 19. Rxe5 Bg6 20. Nf4 Bc2 21. Rc1 Ba4 22. Re4 Bc5+ 23. Kf1 Bb5+ 24. c4 Ba6 25. Ne6+ Kf7 26. Nxc5 Rad8 27. Nxa6 bxa6 28. Ke2 1-0

[Event "ROM-ch U12 Girls"]
[Site "Baile Felix"]
[Date "2017.02.03"]
[Round "2"]
[White "Albescu, Andreea Monica"]
[Black "Enachi, Alisa Francesca"]
[Result "0-1"]
[WhiteElo "1111"]
[BlackElo "1193"]
[PlyCount "150"]
[EventDate "2017.02.02"]
[EventType "swiss"]
[EventRounds "9"]
[EventCountry "ROU"]
[SourceTitle "CBM 176 Extra"]
[Source "ChessBase"]
[SourceDate "2017.03.02"]
[SourceVersion "1"]
[SourceVersionDate "2017.03.02"]
[SourceQuality "1"]

1. e4 c5 2. Nf3 Nc6 3. Nc3 e6 4. Bb5 a6 5. Bc4 b5 6. Be2 d5 7. exd5 exd5 8. d4 Be6 9. a3 Nf6 10. 0-0 c4 11. Bg5 Be7 12. h3 0-0 13. Re1 Nh5 14. Bxe7 Qxe7 15. Bf1 Qf6 16. Ne5 Nxe5 17. Rxe5 Nf4 18. Qf3 Nxh3+ 19. Kh2 Qf4+ 20. Qxf4 Nxf4 21. g3 Ng6 22. Ree1 Rad8 23. b3 Bf5 24. bxc4 dxc4 25. Re2 Rxd4 26. Rae1 Rdd8 27. a4 Bd7 28. Re3 Rfe8 29. Rxe8+ Rxe8 30. Rd1 Bc6 31. Rd6 Rc8 32. Bh3 Rc7 33. f4 bxa4 34. f5 Nf8 35. Na2 Be4 36. Nb4 Rb7 37. c3 Rb5 38. Rd8 Bxf5 39. Bxf5 Rxf5 40. Nd5 Re5 41. Kg2 f6 42. Kf2 a3 43. Nb4 Ra5 44. Rd2 Ne6 45. Na2 Rb5 46. Nb4 a5 47. Ra2 axb4 48. cxb4 Rxb4 49. Rxa3 Rb3 50. Ra2 c3 51. Ra8+ Kf7 52. Rc8 Rb2+ 53. Ke1 c2 54. g4 Rb1+ 55. Kd2 c1Q+ 56. Rxc1 Rxc1 57. Kxc1 Kg6 58. Kd2 Kg5 59. Ke3 Kxg4 60. Ke4 h5 61. Ke3 Kg3 62. Ke4 h4 63. Kf5 h3 64. Kxe6 h2 65. Kf7 h1Q 66. Kxg7 f5 67. Kf6 f4 68. Ke5 f3 69. Kd4 f2 70. Ke5 f1Q 71. Kd4 Qf5 72. Kc4 Qhe4+ 73. Kc3 Qff3+ 74. Kd2 Qee2+ 75. Kc1 Qff1# 0-1

[Event "ROM-ch U12 Girls"]
[Site "Baile Felix"]
[Date "2017.02.02"]
[Round "1"]
[White "Enachi, Alisa Francesca"]
[Black "Trifoi, Mihaela Ioana"]
[Result "0-1"]
[WhiteElo "1193"]
[BlackElo "1681"]
[PlyCount "76"]
[EventDate "2017.02.02"]
[EventType "swiss"]
[EventRounds "9"]
[EventCountry "ROU"]
[SourceTitle "CBM 176 Extra"]
[Source "ChessBase"]
[SourceDate "2017.03.02"]
[SourceVersion "1"]
[SourceVersionDate "2017.03.02"]
[SourceQuality "1"]

1. e4 c6 2. d4 d5 3. e5 Bf5 4. Nc3 e6 5. Nf3 Nd7 6. Be2 Bg6 7. 0-0 Nh6 8. Bg5 Qc7 9. Bd3 Bxd3 10. Qxd3 Nf5 11. Bf4 Be7 12. Qd2 0-0 13. g4 Nh4 14. Nxh4 Bxh4 15. Bg5 Bxg5 16. Qxg5 c5 17. dxc5 Qxe5 18. Qxe5 Nxe5 19. f3 a5 20. a3 Nc6 21. Rfd1 Rfc8 22. Na4 Rc7 23. c3 Ne5 24. Kg2 Nc4 25. Rdb1 Nd2 26. Nb6 Rd8 27. Rd1 Nb3 28. Rab1 Nxc5 29. Rd4 Rc6 30. Na4 e5 31. Nxc5 exd4 32. cxd4 b6 33. Nb3 Rc4 34. Nd2 Rxd4 35. Nb3 Rd3 36. Nc1 Rd1 37. Ra1 Rc8 38. Nb3 Rxa1 0-1

[Event "ROM-ch U12 Girls"]
[Site "Calimanesti Caciulata"]
[Date "2016.04.19"]
[Round "2"]
[White "Bajenaru, Bianca Emiliana"]
[Black "Enachi, Alisa Francesca"]
[Result "1-0"]
[WhiteElo "1174"]
[BlackElo "1038"]
[PlyCount "57"]
[EventDate "2016.04.18"]
[EventType "swiss"]
[EventRounds "9"]
[EventCountry "ROU"]
[SourceTitle "CBM 172 Extra"]
[Source "ChessBase"]
[SourceDate "2016.06.21"]
[SourceVersion "1"]
[SourceVersionDate "2016.06.21"]
[SourceQuality "1"]

1. e4 c5 2. Nf3 e6 3. c3 Nc6 4. Bd3 Qc7 5. 0-0 e5 6. Bc2 Nf6 7. d3 Be7 8. Bg5 0-0 9. Nh4 Qd8 10. Nf5 d6 11. Nxe7+ Qxe7 12. Qf3 Kh8 13. Bxf6 gxf6 14. Nd2 Rg8 15. Bb3 Bg4 16. Qe3 Qd7 17. Kh1 f5 18. h3 f4 19. Qe1 Bxh3 20. Rg1 Qg4 21. Qf1 f3 22. gxh3 Qf4 23. Nc4 Rxg1+ 24. Qxg1 Rg8 25. Qh2 Qh4 26. Rg1 Rxg1+ 27. Kxg1 Qg5+ 28. Qg3 Qc1+ 29. Kh2 1-0